000 00403nam a2200157Ia 4500
008 210210b1962 xxu||||| |||| 00| 0 eng d
082 _a535.84 BARI
100 _aBARROW (Gordon M).
245 _aIntroduction to molecular spectroscopy.
250 _a
260 _aLondon
_bMcGraw Hill Co.
_c1962
300 _axiii,318
650 _aMolecular Spectroscopy
690 _aPhysics
906 _aCC00184
999 _c109156
_d109156